| 000 | 00746nam a2200229 a 4500 | ||
|---|---|---|---|
| 999 |
_c4059 _d4059 |
||
| 003 | ALUPE UNIVERSITY COLLEGE | ||
| 005 | 20220317083009.0 | ||
| 008 | 940706s1993 enk 001 0 eng d | ||
| 020 | _a1857750357 | ||
| 040 | _cALUPE UNIVERSITY COLLEGE | ||
| 050 |
_aR850 _b.R38 1993 |
||
| 092 | _aD0501734784 | ||
| 100 | 1 | _aRaven, Ann. | |
| 245 | 1 | 0 |
_aClinical trials : _ban introduction / _cAnn Raven ; with a foreword by Frank Wells |
| 250 | _a2nd ed | ||
| 260 |
_aOxford : _bRadcliffe Medical Press, _cc1993. |
||
| 300 |
_a110 p. ; _c22 cm |
||
| 504 | _aIncludes bibliographical references and index | ||
| 650 | 0 | _aClinical trials | |
| 942 |
_2lcc _cBK |
||